Mathematics and statistics for economics. (Record no. 205552)
[ view plain ]
| 000 -LEADER | |
|---|---|
| fixed length control field | 00718nam a2200229Ia 4500 |
| 005 - DATE AND TIME OF LATEST TRANSACTION | |
| control field | 20220614145728.0 |
| 008 - FIXED-LENGTH DATA ELEMENTS--GENERAL INFORMATION | |
| fixed length control field | 210716s2009 xx 000 0 und d |
| 020 ## - INTERNATIONAL STANDARD BOOK NUMBER | |
| International Standard Book Number | 9788125909828 |
| 040 ## - CATALOGING SOURCE | |
| Transcribing agency | AIMIT LIBRARY |
| 041 ## - LANGUAGE CODE | |
| Language code of text/sound track or separate title | eng |
| 082 ## - DEWEY DECIMAL CLASSIFICATION NUMBER | |
| Classification number | 511.2 |
| Edition number | 2 |
| Item number | MONG |
| 100 ## - MAIN ENTRY--PERSONAL NAME | |
| Personal name | Monga, G S. |
| 9 (RLIN) | 42311 |
| 245 ## - TITLE STATEMENT | |
| Title | Mathematics and statistics for economics. |
| 250 ## - EDITION STATEMENT | |
| Edition statement | 2 nd ed. |
| Remainder of edition statement | Second revised edition |
| 260 ## - PUBLICATION, DISTRIBUTION, ETC. | |
| Place of publication, distribution, etc. | New Delhi : |
| Name of publisher, distributor, etc. | Vikas Publishing House Pvt Ltd , |
| Date of publication, distribution, etc. | 2009. |
| 300 ## - PHYSICAL DESCRIPTION | |
| Extent | xvi,895p. ; |
| Other physical details | PB |
| Dimensions | 24cm. |
| 650 ## - SUBJECT ADDED ENTRY--TOPICAL TERM | |
| Topical term or geographic name entry element | Mathematical Reasoning |
| 9 (RLIN) | 42312 |
| 650 ## - SUBJECT ADDED ENTRY--TOPICAL TERM | |
| Topical term or geographic name entry element | Analytical geometry |
| 9 (RLIN) | 42313 |
| 650 ## - SUBJECT ADDED ENTRY--TOPICAL TERM | |
| Topical term or geographic name entry element | Functions and limits |
| 9 (RLIN) | 42314 |
| 650 ## - SUBJECT ADDED ENTRY--TOPICAL TERM | |
| Topical term or geographic name entry element | Linear programming |
| 9 (RLIN) | 42315 |
| 942 ## - ADDED ENTRY ELEMENTS (KOHA) | |
| Source of classification or shelving scheme | Dewey Decimal Classification |
| Koha item type | Book |
| Edition | 2nd |
| Call number prefix | 511.2 MONG |
| Withdrawn status | Lost status | Source of classification or shelving scheme | Damaged status | Not for loan | Collection code | Home library | Current library | Date acquired | Cost, normal purchase price | Inventory number | Total Checkouts | Full call number | Barcode | Date last seen | Cost, replacement price | Price effective from | Koha item type | Date last checked out |
|---|---|---|---|---|---|---|---|---|---|---|---|---|---|---|---|---|---|---|
| Dewey Decimal Classification | MBA | St Aloysius Institute of Management & Information Technology | St Aloysius Institute of Management & Information Technology | 09/15/2010 | 510.00 | Bill no:ABK 497; Bill dt:2010-09 | 511.2 MONG | MBA08118 | 05/23/2026 | 382.50 | 07/16/2021 | Book | ||||||
| Dewey Decimal Classification | MBA | St Aloysius Institute of Management & Information Technology | St Aloysius Institute of Management & Information Technology | 09/15/2010 | 510.00 | Bill no:ABK 497; Bill dt:2010-09 | 511.2 MONG | MBA08119 | 05/23/2026 | 382.50 | 07/16/2021 | Book | ||||||
| Dewey Decimal Classification | MBA | St Aloysius Institute of Management & Information Technology | St Aloysius Institute of Management & Information Technology | 09/15/2010 | 510.00 | Bill no:ABK 497; Bill dt:2010-09 | 511.2 MONG | MBA08120 | 05/23/2026 | 382.50 | 07/16/2021 | Book | ||||||
| Dewey Decimal Classification | MBA | St Aloysius Institute of Management & Information Technology | St Aloysius Institute of Management & Information Technology | 09/15/2010 | 510.00 | Bill no:ABK 497; Bill dt:2010-09 | 511.2 MONG | MBA08121 | 05/23/2026 | 382.50 | 07/16/2021 | Book | ||||||
| Dewey Decimal Classification | MBA | St Aloysius Institute of Management & Information Technology | St Aloysius Institute of Management & Information Technology | 09/15/2010 | 510.00 | Bill no:ABK 497; Bill dt:2010-09 | 511.2 MONG | MBA08122 | 05/23/2026 | 382.50 | 07/16/2021 | Book | ||||||
| Dewey Decimal Classification | MBA | St Aloysius Institute of Management & Information Technology | St Aloysius Institute of Management & Information Technology | 09/15/2010 | 510.00 | Bill no:ABK 497; Bill dt:2010-09 | 1 | 511.2 MONG | MBA08123 | 05/23/2026 | 382.50 | 07/16/2021 | Book | 04/15/2023 | ||||
| Dewey Decimal Classification | MBA | St Aloysius Institute of Management & Information Technology | St Aloysius Institute of Management & Information Technology | 09/15/2010 | 510.00 | Bill no:ABK 497; Bill dt:2010-09 | 1 | 511.2 MONG | MBA08124 | 05/23/2026 | 382.50 | 07/16/2021 | Book | 04/15/2023 | ||||
| Dewey Decimal Classification | Reference Book | MBA | St Aloysius Institute of Management & Information Technology | St Aloysius Institute of Management & Information Technology | 09/15/2010 | 510.00 | Bill no:ABK 497; Bill dt:2010-09 | 511.2 MONG | MBA08125 | 07/21/2025 | 382.50 | 07/16/2021 | Book |